Quelles lois françaises absurdes existent réellement ? (Mort Subite) - Statistiques

Statistiques générales
  • Ce quiz a été pris 189 fois
    167 depuis la dernière actualisation
  • Le résultat moyen est 2 sur 7
Answers on the Grid
Answers color-coded by a green-red scale on the quiz's grid according to % correct below.
Il est interdit de mourir à Cugnaux
Les OVNI n'ont pas le droit d'atterrir à Châteauneuf-du-Pape
Les parents peuvent s'opposer au mariage de leurs enfants
À Essarts-en-Bocage, il est obligatoire d'être heureux
Les moustiques sont interdits à Briollay
À Granville, les éléphants sont interdits sur les plages
Il est interdit de diffuser, à des fins commerciales, des photos de la Tour Eiffel illuminée de nuit
Il est interdit d'appeler son cochon "Napoléon"
Les habitants de Munster doivent consommer du fromage au moins une fois par semaine
À Beaugency, les piétons sont tenus de traverser uniquement sur les bandes blanches des passages piétons
À Chartrier-Ferrière, il est interdit de faire sauter les bouchons de champagne
À Chenôve, il est strictement interdit de pleurer dans une salle de cinéma
 
Statistiques - réponses
Réponse % Correct
Il y a une nuance importante ici : photographier la Tour Eiffel illuminée de nuit est autorisé uniquement si cela est destiné à un usage privé (pour alimenter son album photo par exemple). En revanche, toute utilisation commerciale des photographies (publicité, vente, diffusion à but lucratif…) nécessite une autorisation de la « Société d’Exploitation de la Tour Eiffel » (SETE). En effet, l’éclairage nocturne, conçu en 1985 par Pierre Bideau, est considéré comme une œuvre artistique protégée par la propriété intellectuelle et les droits d’auteur. Par conséquent, cette protection s’appliquera jusqu’en 2091 (soit 70 ans après le décès de Pierre Bideau), date à laquelle l’œuvre tombera dans le domaine public ! Il est interdit de diffuser, à des fins commerciales, des photos de la Tour Eiffel illuminée de nuit
34%
Selon l'Article 173 du Code civil (datant du 09 août 1919) : « Le père, la mère et, à défaut de père et de mère, les aïeuls et aïeules peuvent former opposition au mariage de leurs enfants et descendants, même majeurs ». Cet article est encore en vigueur aujourd'hui ! Les parents peuvent s'opposer au mariage de leurs enfants
34%
En 1954, le maire de Châteauneuf-du-Pape (Vaucluse) - Lucien Jeune - a pris un arrêté interdisant « le survol, l’atterrissage et le décollage d’aéronefs, dits soucoupes volantes ou cigares volants, sur le territoire de la commune » sous peine de mise en fourrière immédiate. Cet arrêté est encore en vigueur aujourd'hui ! Les OVNI n'ont pas le droit d'atterrir à Châteauneuf-du-Pape
32%
À la suite du passage du cirque Pinder, des excréments gigantesques d'éléphants ont été laissés sur la plage et ont entraînées la pollution des eaux de baignade. Le maire de Granville (Manche) a alors décidé, en 2009, d'interdire leur présence sur les plages de sa commune. Cet arrêté semble être toujours en vigueur aujourd'hui !
À Granville, les éléphants sont interdits sur les plages
29%
En 2007, le maire de Cugnaux (Haute-Garonne) - Philippe Guérin - a décrété, en raison de l’impossibilité d’agrandir le cimetière communal, qu'il était interdit « à toute personne ne disposant pas de caveau de décéder sur le territoire de la commune ». Cet arrêté n'est plus en vigueur aujourd'hui ! Il est interdit de mourir à Cugnaux
28%
En 2019, le maire d'Essarts-en-Bocage (Vendée) a pris un arrêté municipal obligeant temporairement ses citoyens à « être de bonne humeur de 8h à 22h tous les jours » et à « faire sourire au moins dix personnes par jour » du 05 au 11 octobre (à l'occasion de la première édition du festival de musique « Ville en joie »). Cet arrêté n'est plus en vigueur aujourd'hui ! À Essarts-en-Bocage, il est obligatoire d'être heureux
26%
Exaspéré par les plaintes de ses administrés face à l'invasion estivale de moustiques, le maire de Briollay (Maine-et-Loire) - André Marchand - a signé en 2018 un arrêté interdisant les moustiques dans sa commune. Cet arrêté n'est plus en vigueur aujourd'hui ! Les moustiques sont interdits à Briollay
14%
Aucun quiz correspondant
Distribution des résultats
% des personnes avec chaque résultat
Percentile par nombre de réponses
Votre historique - résultats
Vous n’avez pas pris ce quiz depuis la dernière actualisation